Statistics for All US Borders

Click here to take the quiz!

General Stats

  • This quiz has been taken 29 times
    (21 since last reset)
  • The average score is 88 of 105

Answers on the Map

Answers color-coded by a green-red scale on the quiz's map according to % correct below.
 

Answer Stats

Answer% Correct
Oregon & Washington
100%
Idaho & Washington
95%
Alabama & Mississippi
89%
Alabama & Tennessee
89%
Arizona & California
89%
Arizona & Nevada
89%
Arizona & New Mexico
89%
Arizona & Utah
89%
California & Nevada
89%
California & Oregon
89%
Colorado & New Mexico
89%
Colorado & Utah
89%
Colorado & Wyoming
89%
Georgia & Tennessee
89%
Idaho & Montana
89%
Idaho & Nevada
89%
Idaho & Oregon
89%
Idaho & Utah
89%
Idaho & Wyoming
89%
Indiana & Kentucky
89%
Kansas & Oklahoma
89%
Kentucky & Tennessee
89%
Montana & North Dakota
89%
Montana & Wyoming
89%
Nevada & Oregon
89%
Nevada & Utah
89%
New Mexico & Texas
89%
North Dakota & South Dakota
89%
Utah & Wyoming
89%
Alabama & Georgia
84%
Arkansas & Oklahoma
84%
Arkansas & Tennessee
84%
Arkansas & Texas
84%
Colorado & Kansas
84%
Colorado & Nebraska
84%
Colorado & Oklahoma
84%
Connecticut & Massachusetts
84%
Delaware & Maryland
84%
Florida & Georgia
84%
Georgia & North Carolina
84%
Georgia & South Carolina
84%
Illinois & Indiana
84%
Illinois & Iowa
84%
Illinois & Wisconsin
84%
Indiana & Ohio
84%
Iowa & Nebraska
84%
Kansas & Missouri
84%
Kansas & Nebraska
84%
Louisiana & Mississippi
84%
Louisiana & Texas
84%
Maryland & Virginia
84%
Massachusetts & New Hampshire
84%
Massachusetts & New York
84%
Massachusetts & Vermont
84%
Michigan & Ohio
84%
Minnesota & North Dakota
84%
Mississippi & Tennessee
84%
Missouri & Nebraska
84%
Missouri & Oklahoma
84%
Montana & South Dakota
84%
Nebraska & South Dakota
84%
Nebraska & Wyoming
84%
New Hampshire & Vermont
84%
New Jersey & New York
84%
New Mexico & Oklahoma
84%
North Carolina & South Carolina
84%
Ohio & Pennsylvania
84%
Oklahoma & Texas
84%
South Dakota & Wyoming
84%
Virginia & West Virginia
84%
Alabama & Florida
79%
Arkansas & Louisiana
79%
Arkansas & Mississippi
79%
Arkansas & Missouri
79%
Connecticut & Rhode Island
79%
Delaware & Pennsylvania
79%
Illinois & Kentucky
79%
Illinois & Missouri
79%
Indiana & Michigan
79%
Iowa & Minnesota
79%
Iowa & Missouri
79%
Iowa & South Dakota
79%
Iowa & Wisconsin
79%
Kentucky & Missouri
79%
Kentucky & Ohio
79%
Kentucky & Virginia
79%
Kentucky & West Virginia
79%
Maryland & Pennsylvania
79%
Maryland & West Virginia
79%
Massachusetts & Rhode Island
79%
Michigan & Wisconsin
79%
Minnesota & South Dakota
79%
Minnesota & Wisconsin
79%
Missouri & Tennessee
79%
New Jersey & Pennsylvania
79%
New York & Pennsylvania
79%
New York & Vermont
79%
North Carolina & Tennessee
79%
North Carolina & Virginia
79%
Ohio & West Virginia
79%
Pennsylvania & West Virginia
79%
Tennessee & Virginia
79%
Connecticut & New York
74%
Maine & New Hampshire
68%

Score Distribution

Percentile by Number Answered

Percent of People with Each Score

Your Score History

You have not taken this quiz since the last reset